Clic Les tripoints entre pays (2) - Statistiques

Statistiques générales
  • Ce quiz a été pris 20 fois
  • Le résultat moyen est 21 sur 52
Statistiques - réponses
Hint Réponse % Correct
Mongolie / Russie Chine
75%
Guatemala / Honduras Salvador
75%
Roumanie / Ukraine Moldavie
69%
Argentine / Brésil Paraguay
69%
Bangladesh / Birmanie Inde
63%
Biélorussie / Lettonie Lituanie
63%
Guinée / Mali Sénégal
63%
Finlande / Norvège Suède
63%
Israël / Jordanie Syrie
63%
Géorgie / Russie Azerbaïdjan
56%
Arabie saoudite / Irak Jordanie
56%
Égypte / Soudan Libye
56%
Chine / Inde Népal
56%
Djibouti / Éthiopie Somalie
56%
Brésil / Guyana Suriname
56%
Cambodge / Laos Thaïlande
56%
Arménie / Azerbaïdjan Géorgie
50%
Allemagne / France Luxembourg
50%
Afrique du Sud / Botswana Namibie
50%
Estonie / Lettonie Russie
50%
Burundi / Tanzanie Rwanda
50%
Côte d'Ivoire / Guinée Mali
44%
Algérie / Mali Niger
44%
Kazakhstan / Kirghizistan Ouzbékistan
44%
Bolivie / Chili Pérou
44%
Libye / Niger Tchad
44%
Botswana / Zambie Zimbabwe
44%
Cameroun / Gabon Guinée équatoriale
38%
Allemagne / Belgique Pays-Bas
38%
Brésil / Colombie Venezuela
38%
Chine / Kazakhstan Kirghizistan
31%
Afghanistan / Iran Pakistan
31%
Biélorussie / Ukraine Pologne
31%
Croatie / Hongrie Serbie
31%
Autriche / Italie Slovénie
31%
Allemagne / France Suisse
31%
Nigeria / Tchad Cameroun
25%
Cameroun / Centrafrique Congo
25%
Albanie / Serbie Macédoine
25%
Ouganda / Soudan RD Congo
25%
Hongrie / Ukraine Roumanie
25%
Irak / Iran Turquie
25%
Angola / RD Congo Zambie
25%
Azerbaïdjan / Turkménistan Iran
19%
Bosnie-Herzégovine / Croatie Monténégro
19%
Niger / Tchad Nigeria
19%
Allemagne / Autriche Tchéquie
19%
Afghanistan / Iran Turkménistan
19%
Afghanistan / Ouzbékistan Tadjikistan
13%
Éthiopie / Kenya Soudan
6%
Centrafrique / Zambie Tanzanie
0%
Hongrie / Slovaquie Ukraine
0%
Aucun quiz correspondant
Distribution des résultats
% des personnes avec chaque résultat
Percentile par nombre de réponses
Votre historique - résultats
Vous n’avez pas pris ce quiz